Nationalité des joueurs d'échecs - Statistiques

Statistiques générales
  • Ce quiz a été pris 438 fois
  • Le résultat moyen est 12 sur 20
Statistiques - réponses
Hint Réponse % Correct
Magnus Carlsen Norvège
87%
Garry Kasparov Russie
82%
Jose Raul Capablanca Cuba
81%
Fabiano Caruana États-Unis
77%
Alireza Firouzja France
76%
Yifan Hou Chine
69%
Wiswanathan Anand Inde
68%
Nodirbek Abdusattorov Ouzbékistan
67%
Vincent Keymer Allemagne
66%
Shakhriyar Mamedyarov Azerbaïdjan
60%
Jan-Krzysztof Duda Pologne
60%
Quang Liem Le Viet Nam
60%
Anish Giri Pays-Bas
57%
Susan et Judith Polgar Hongrie
50%
Parham Maghsoodloo Iran
46%
Jonas Buhl Bjerre Danemark
38%
Pavel Eljanov Ukraine
36%
Richard Rapport Roumanie
33%
Eric Hansen Canada
29%
Alexandra Kosteniuk Suisse
14%
Aucun quiz correspondant
Distribution des résultats
% des personnes avec chaque résultat
Percentile par nombre de réponses
Votre historique - résultats
Vous n’avez pas pris ce quiz